Quizzes
Events
Quiz Creation
Community
Videos
Private Events
Remove Ads
Sign In
Join for FREE
Feedback
Dark Mode
Quiz Categories
Sports
Geography
Music
Movies
Television
Just For Fun
Miscellaneous
History
Literature
Language
Science
Gaming
Entertainment
Religion
Holiday
For Kids
Quiz Lab
Recent
Popular Today
Quiz Kudos Today
Editor Picks
Curator Picks
Quizzes by...
Day
Popularity
Type
Ratings
Length
Year
Community
Subscriptions
Recent Discussions
Orange Saloon
Badges
Playlists
Quests
Create
Leaderboards
Showdown
Live 5
Trivia Bingo
Activity
Puzzle Library
Sporcle Events
Private Events
Virtual Trivia
Globe League
Become a Host
Pub Owners
SporcleCon
Opinionation
Our Games
Videos
Blog
Mobile Apps
Partnerships
Remove Ads and Go Orange
Feedback
Entertainment
Celebrity
Famous
Musical
Broadway
Show
Quote
Comic Books
Anime
Superhero
DC Comics
Marvel
Cartoons
Animation
Entertainment
Celebrity
Famous
Musical
Broadway
Show
Quote
Comic Books
Anime
Superhero
DC Comics
Marvel
Cartoons
Animation
Random Quiz
Search Sporcle
×
Quiz Lab
Quiz Lab
Entertainment
Numbers
Type in answers that appear in a list
Type in answers that appear in a list
Classic
Best Score? Go Orange.
Maxim Hot 100 Women of 2009 Stats
Can you name the Maxim Hot 100 Women of 2009?
By
Mjb887
10m
100 Questions
166 Plays
166 Plays
166 Plays
Comments
Comments
Give Quiz Kudos
Give Quiz Kudos
-
- Ratings
hide this ad
More Info
Replay
Link that replays current quiz
Next Quiz
Link to next quiz in quiz playlist
You Got
0%
They Got
Avg Score
23%
Avg Friend Score
Upgrade to see
Score Distribution
Jump to the score distribution portion of the page
Score
0/100
Timer
10:00
0
Plays Today
Number
Name
% Correct
17
Britney Spears
72.9%
2
Megan Fox
69.9%
26
Angelina Jolie
68.1%
13
Jessica Alba
65.1%
14
Christina Aguilera
62%
15
Katy Perry
57.2%
11
Jessica Biel
56.6%
23
Lindsay Lohan
54.8%
34
Scarlett Johansson
51.2%
8
Rihanna
50.6%
51
Sienna Miller
48.8%
18
Marisa Miller
48.8%
62
Heidi Klum
47%
37
Cameron Diaz
47%
53
Kim Kardashian
46.4%
1
Olivia Wilde
45.2%
5
Mila Kunis
42.8%
24
Eva Mendes
40.4%
7
Adriana Lima
39.8%
52
Beyonce Knowles
36.7%
10
Jennifer Love Hewitt
36.1%
50
Taylor Swift
34.3%
30
Penelope Cruz
33.1%
22
Kate Beckinsale
32.5%
83
Whitney Port
31.3%
60
Carrie Underwood
31.3%
27
Vanessa Hudgens
31.3%
33
Blake Lively
30.7%
38
Charlize Theron
30.1%
73
Ashley Tisdale
29.5%
58
Miranda Kerr
29.5%
54
Rachel Bilson
29.5%
68
Ashley Greene
28.9%
36
Hayden Panettiere
28.3%
Number
Name
% Correct
31
Hilary Duff
26.5%
12
Leighton Meester
26.5%
6
Eliza Dushku
25.9%
96
Olivia Munn
25.3%
81
Heidi Montag
25.3%
66
Emma Stone
25.3%
82
Emma Watson
24.7%
35
Anna Kournikova
24.7%
74
Amanda Bynes
24.1%
29
Zoe Saldana
24.1%
57
Audrina Patridge
22.9%
46
Nicole Scherzinger
22.9%
45
Fergie
20.5%
84
Minka Kelly
19.9%
44
Avril Lavigne
19.3%
43
Elish Cuthbert
19.3%
4
Malin Akerman
19.3%
9
Jordana Brewster
18.7%
28
Danneel Harris
16.9%
3
Bar Rafaeli
16.3%
71
Gabrielle Union
15.7%
55
Christina Milian
15.7%
32
Ciara
15.7%
21
Annalynne McCord
15.7%
78
Danica Patrick
15.1%
63
Milla Jovovich
15.1%
56
Amber Heard
15.1%
88
Diane Kruger
14.5%
25
Julianna Hough
14.5%
59
Ana Ivanovic
13.9%
47
Katie Cassidy
13.3%
42
Nikki Reed
13.3%
39
Anna Faris
13.3%
75
Tricia Helfer
12.7%
Number
Name
% Correct
79
Jaime King
12%
72
Camilla Belle
11.4%
70
Maria Menounos
10.8%
40
Lily Allen
10.8%
92
Joanna Krupa
10.2%
94
Yvonne Strahovski
9.6%
69
Jennifer Morrison
9.6%
67
Emmy Rossum
9.6%
64
Diora Baird
9.6%
49
Freida Pinto
9.6%
85
Michelle Trachtenberg
8.4%
91
Chelsea Handler
7.8%
87
Summer Glau
7.2%
76
Cameron Richardson
7.2%
93
Michele Obama
6.6%
90
Roselyn Sanchez
6.6%
89
Jamie Chung
6.6%
61
Dania Ramirez
6%
20
Moon Bloodgood
6%
100
Deanna Russo
4.8%
97
Marisa Tomei
4.8%
65
Amanda Righetti
4.8%
99
Melissa Rycroft
4.2%
77
Stacy Kiebler
4.2%
95
Padma Lakshmi
3%
41
Nadine Velazquez
2.4%
98
Rebecca Mader
1.8%
19
Chan Marshall
1.8%
16
Gina Carano
1.8%
48
Arielle Kebbel
1.2%
86
Ali Campoverdi
0%
80
Jamie Gunns
0%
Quiz Playlist
Details
Report
Send in Message
Add To Playlist
More Info:
These rankings are from Maxim's Hot 100 of 2009. There are some glaring over-rankings and under-rankings, as well as a few absurd inclusions.
Classic:
Type in answers that appear in a list
Quiz Source
Last Updated: Feb 16, 2017
Quiz Scoreboard
CHALLENGE
Sign Up to Join the Scoreboard
Show All
Scores
Hide
Comments
May contain spoilers
Recently Published
One Thing in Common: World Cities II
by knightlancer
Geography
7m
Popular People in 1961
by mucciniale
History
6m
1-10 Letter E Words III
by El_Dandy
Language
2m
More to Explore
Quiz From the Vault
Featured Blog Post
Where Did the Easter Bunny Come From?
hide this ad
You Might Also Like...
Tags
Numbers Quiz
100
2009
hot
Maxim
Women
Today's Top Quizzes in Entertainment
Browse Entertainment
hide this ad
Today's Top Quizzes in Numbers
Browse Numbers
Top Contributed Quizzes in Entertainment
1
Kamen Rider Motifs
2
Dragon Ball Z: Goku's Fights in Order
3
Dragon Ball Z: Mega Character Search
4
One Piece Arcs By Order III
5
Survivor Winners Logic Quiz
6
Undead Unluck Minefield
7
Who Wants to Be a Millionaire: Anime Edition
8
Naruto Arcs in order
9
Demon Slayer 11-1
10
Criteria Quickie: Cartoon Taxonomy II
Explore More
Trending Topics
Anime
Crossword
Harry Potter
Disney
NBA
Marvel
Kpop
NFL
WWE
Soccer
Pokémon
Song
Puzzle
Country
The Office
hide this ad
More By:
Mjb887
Quiz
Plays
Rating
Category
Featured
Created
Maxim Hot 100 Women of 2010
769
4.20
Entertainment
Jul 22, 2010
Current MLB Players' Jersey Numbers
644
4.50
Sports
Jul 21, 2010
2010 NFL 1st Round Draft Picks' Colleges
278
4.67
Sports
Aug 17, 2010
Maxim Hot 100 Women of 2009
166
4.50
Entertainment
Jul 22, 2010
2010 NFL 1st Round Draft Picks
108
3.00
Sports
Aug 17, 2010
Go to Creator's Profile
Score Distribution
Quiz Creator Spotlight
Mjb887
Follow
Send a Message
Quizzes Created
-
Created Quiz Play Count
-
More By This Creator
Popular Quizzes Today
1
Find the US States - No Outlines Minefield
2
The Countries of the World
3
Find the Countries of Europe - No Outlines Minefield
4
Popular People in 1961
5
1-10 Letter E Words III
6
Find the US States
7
One Thing in Common: World Cities II
8
US States
More Entertainment Quizzes
Dragon Ball Super: Team Universe 3
Quiz Lab
Trending Quizzes
Risky Map Clicking: Least Populous States A-Z
1-10 Letter F Words
1-10 Letter G Words
One Thing in Common: United Kingdom
Risky Map Clicking: Next State Alphabetically
Recently Updated
Leaping Animals
pecheneg
Reality TV Shows (A-Z)
bhenderson79
Rickey Henderson's Hall of Fame Teammates
pecheneg
Champions League XIs: Arsenal
pecheneg
Quick Pick: Celebrities in WWE's Hall of Fame
aduchscher
A-Z Keypad Blitz II
pecheneg
Multiple Oscar Actors
pecheneg
Mystery Phrase Blitz: Oscar 'Best Actors'
pecheneg
F. Scott Fitzgerald Novels
LTH
Pick 3 Villains
ddd62291
Trending Topics
Anime
Harry Potter
NBA
Kpop
Crossword
Disney
Marvel
Soccer
WWE
Country
The Office
NFL
Song
Pokémon
Puzzle
Your Account Isn't Verified!
In order to create a playlist on Sporcle, you need to verify the email address you used during registration. Go to your
Sporcle Settings
to finish the process.
Report this User
Report this user for behavior that violates our
Community Guidelines
.
Details:
Send Report
Go to the Sporcle.com Mobile Site →
Comments